| 000 | 00334nam a22001337a 4500 | ||
|---|---|---|---|
| 008 | 250902b |||||||| |||| 00| 0 eng d | ||
| 022 | _a23205628 | ||
| 041 | _aeng | ||
| 245 | _aThe Global Analyst | ||
| 260 |
_aHyderabad _bIUP Publication _c2025 |
||
| 300 | _a66; p. | ||
| 856 | _uhttps://www.iupindia.in/analyst.asp | ||
| 942 |
_cSR _s1 |
||
| 999 |
_c46492 _d46492 |
||